000 00888nam a2200253Ia 4500
008 130821s1981 mx gr spa
020 _a978 968 23 1047 8
040 _aCo-BoUCM
_bspa
041 0 0 _aspa
100 1 _aSigerist, Henry E.
_9138300
245 1 0 _aHitos en la historia de la salud pública
_cHenry E. Sigerist ; traducción de Mario Usabiaga ; revisada por Carlos Santos-Borgoa
260 _aMéxico D.F. (México)
_bSiglo Veintiuno Editores
_c1981
300 _a98 páginas
490 0 _aSalud y Sociedad
500 _aIncluye índice.
650 _aMedicina
_xHistoria
_9225
650 _aProblemas sociales
_922324
650 _aSalud pública
_98073
650 _aSociología
_9386
700 1 _aSantos-Borgoa, Carlos
_erev.
_9169567
700 1 _aUsabiaga, Mario
_etrad.
_9169568
942 _cLIBRO
_a5
_e1
_mS574h
_2DEWEY
_h362
999 _c76792
_d76792